[Event "Presov"]
[Site "Presov"]
[Date "1999.08.18"]
[Round "5"]
[White "Mrva, Martin"]
[Black "Stocek, Jiri"]
[Result "1/2-1/2"]
[WhiteElo "2441"]
[BlackElo "2532"]
[Annotator "Tsesarsky,I"]
[PlyCount "136"]
[EventDate "1999.08.14"]
[EventType "tourn"]
[EventRounds "9"]
[EventCountry "SVK"]
[EventCategory "10"]
[SourceTitle "CBM 073"]
[Source "ChessBase"]
[SourceDate "1999.12.01"]
[SourceVersion "1"]
[SourceVersionDate "1999.12.01"]
[SourceQuality "1"]

1. e4 c5 2. Nf3 d6 3. d4 cxd4 4. Nxd4 Nf6 5. Nc3 Nc6 6. Bg5 Bd7 7. Qd2 Rc8 8.
O-O-O Nxd4 9. Qxd4 Qa5 10. f4 Rxc3 11. bxc3 e5 12. Qb4 Qxb4 13. cxb4 Nxe4 14.
Bh4 (14. Bc4 b5 (14... Nxg5 15. fxg5 Be7 16. h4 h6 (16... Bc6 17. Rhf1 f6 18.
gxf6 gxf6 19. g4 h5 $132 {1/2-1/2 Gaika,P-Riemer,W/cr WCCF WWO #6 1989 (41)})
17. Rhf1 Rf8 18. gxh6 gxh6 19. g3 (19. Rd3 f5 (19... Bxh4 20. Rxd6 Be7 21. Rd5
e4 22. c3 $16) 20. Bd5 Bc8 21. Ra3 a6 22. Rc3 Kd8 23. g3 $14 (23. h5 e4 $14 {
1/2-1/2 Wiemer,R-Schussler,H/BL 1984 (26)})) 19... f5 20. Bd5 Bc6 $14) 15. Bd3
Nc3 16. fxe5 (16. Rde1 f6 17. Kb2 Na4+ 18. Ka3 fxg5 19. fxe5 Bc6 $15) 16... h6
(16... Nxd1 17. Rxd1 d5 (17... dxe5 18. Bxb5 $1 $18) 18. c3 Be7 19. Be3 $14)
17. Bh4 g5 18. Bg3 $14 {1/2-1/2 Janosevic,D-Larsen,B/Belgrade 1964 (42)}) (14.
Re1 Nxg5 15. fxg5 Be7 (15... h6 16. gxh6 Rxh6 17. Bd3 f5 18. h3 Be7 $44 {
1-0 Utman,C-Rosa,F/Santiago 1993 (57)}) 16. h4 h6 17. gxh6 Rxh6 18. h5 Bg5+ 19.
Kd1 (19. Kb1 Bd2 20. Re4 f5 21. Rc4 Kd8 $15 {1/2-1/2 Zuidema,C-Piket,J/
Leeuwarden 1969 (46)}) 19... Rf6 $44 {0-1 Vuijovic-Puhm/Strasbourg 1973 (33)})
14... g5 (14... Nc3 15. Re1 Nxa2+ 16. Kb2 Nxb4 17. fxe5 d5 18. Rd1 (18. Bf2 a6
19. Be2 Be7 20. Bf3 O-O $132 {0-1 Juarez-Pelikan,J/Argentina 1969/Inf 07 (51)})
18... Be7 19. Bxe7 Kxe7 20. c3 {1/2-1/2 Gheorghiu,F-Hort,V/Monaco 1968 (20)}) (
14... f5 15. Bc4 exf4 16. Rhe1 Be7 17. Bxe7 Kxe7 18. Bd5 Bc6 19. b5 Bxd5 20.
Rxd5 Kf6 21. Rd3 g5 22. Ra3 Ra8 23. Rf1 Ke5 {1/2-1/2 Bagirov,V-Tal,M/URS 1969/
Inf 07 (23)} 24. Rh3 Rh8 25. Ra3 Ra8 $11) 15. Bd3 $1 $16 (15. Re1 gxh4 16. Rxe4
Bh6 17. Bc4 Bc6 18. Re2 h3 $19 {0-1 Gara,A-Matnadze,A/Eu Youth gu16, Mureck
AUT 1998 (36)}) (15. fxg5 Be7 16. Re1 (16. Bc4 h6 (16... Nxg5 17. Kb2 Ne6 18.
Bxe7 Kxe7 19. Rd2 $14 {1/2-1/2 Sarkar,J-Uribe,M/Matinhos, Parana BRA 1999 (58)}
) 17. Rhf1 O-O (17... Be6 18. Bxe6 fxe6 19. a3 b5 20. Rd3 hxg5 21. Bg3 g4 22.
Kb2 Rh5 $44 {1-0 Schlosser,M-Lendwai,R/Austria tt 1993 (57)}) 18. Rde1 hxg5 19.
Rxe4 gxh4 20. Bd5 Kg7 21. Kb2 b5 22. Re3 Bd8 23. Ra3 Bb6 24. Raf3 f5 25. Kb1
Kg6 26. a3 Rc8 27. Kc1 Bd4 28. h3 e4 $17 {0-1 Radev,N-Zaitshik,G/Tbilisi/
Suhumi 1977/Inf 25 (33)}) (16. Be1 Bxg5+ 17. Kb2 f5 (17... Ke7 18. Bd3 Nf6 19.
c4 Ng4 20. Bd2 h6 21. Bxg5+ hxg5 22. Rd2 f5 23. h3 Ne3 24. Re2 f4 25. Rxe3 fxe3
26. Re1 g4 (26... Bc6 $17) 27. Rxe3 gxh3 28. gxh3 Rxh3 $17 {0-1 Van der
Sterren,P-Kristiansen,J/EU-chT Plovdiv 1983 (43)}) 18. Bd3 Nf6 19. Bd2 Bxd2 20.
Rxd2 Ke7 21. Rf1 {1/2-1/2 Chechelian,S-Vekshenkov,N/URS 1977 (22)}) 16... d5 (
16... Nxg5 17. c3 (17. Re3 Ne6 18. Bxe7 Kxe7 19. Bd3 Nc7 20. Rf1 Bc6 21. g3 h6
22. a3 $14 {1/2-1/2 Ernst,T-Wang,Z/Belgrade GMA 1988 (55)}) (17. Bc4 Ne6 18.
Bf2 Bc6 19. Bxa7 Bxg2 20. Rhg1 Bc6 21. b5 Bd7 22. a4 $16) 17... Rg8 18. Bc4 Bc6
19. Re2 b5 20. Bb3 Ne6 21. Bxe6 Bxh4 22. Bf5 Bxg2 23. Rg1 Rg5 24. Rgxg2 Rxf5
25. Rg8+ Kd7 26. Ra8 Bf2 $17 {0-1 Macharashvili-Ubilava,E/USSR 1976/Inf 22 (48)
}) 17. a3 (17. Bd3 h6 18. Bxe4 (18. c4 hxg5 19. cxd5 Rxh4 20. Rxe4 Rxe4 21.
Bxe4 f5 22. Bc2 Bxb4 23. h4 gxh4 24. Rxh4 Ba3+ 25. Kd2 Ke7 $44 {1/2-1/2
Unzicker,W-Gheorghiu,F/Ljubljana 1969/Inf 07 (25)}) 18... dxe4 19. Rxe4 hxg5
20. Bg3 f6 21. a3 Bc6 22. Re2 $16) 17... h6 18. Bd3 Bf5 19. Rhf1 Bg6 20. Bxe4
Bxe4 21. Bg3 Bxg5+ 22. Kd1 Rg8 23. Bxe5 Bxg2 24. Bf6+ Kf8 25. Bxg5 Rxg5 26. Rf2
$16) 15... Nc3 $8 16. Bxg5 (16. fxg5 $2 Nxd1 17. Rxd1 Be7 18. Be4 Bc6 19. Bxc6+
bxc6 20. Bf2 Bxg5+ 21. Kb2 Ke7 22. Bxa7 Ke6 $15 {[%csl Ge6]}) 16... Nxd1 17.
Rxd1 Be7 (17... h6 18. Bf6 Rg8 19. g3 $16) 18. Bh6 Rg8 19. g3 f5 20. Be2 $1 {
[%cal Ge2h5,Gd1d6]} Be6 (20... e4 21. Bh5+ Kd8 22. Bf7 Rg4 $8 23. Rg1 (23. Rd5
b5 24. Kd2 Kc7 25. Ke3 Kc6 26. Rd1 Kb6 27. a3 $14 (27. Rg1 d5 28. h3 Bxb4 29.
hxg4 Bc5+ 30. Ke2 Bxg1 31. Bxd5 Kc5 32. Bg8 fxg4 33. Bxh7 Kd5 34. f5 Bd4 35.
Bg5 (35. Bg8+ Kc6 36. f6 Bxf6 37. Ke3 Be5 38. Bf4 Kd6 39. Kxe4 Bxf4 40. Kxf4 b4
41. Ke4 a5 42. Kd4 $11) 35... Ke5 36. f6 Be6 37. Bg6 Bxa2 38. f7 Bc5 39. Be3 (
39. Bh6 Kf6 40. f8=Q+ Bxf8 41. Bxf8 Kxg6 $17) 39... Bc4+ 40. Kf2 Be7 41. Bxa7
$11)) 23... Bh4 24. Bh5 (24. Bf8 Be8 (24... Kc7 25. Rd1 $16 {[%csl Rd6,Rh4]})
25. Bxe8 Kxe8 26. Bxd6 Bf6 27. Rd1 Bc3 28. Rd5 $16) 24... Rg8 25. Bf7 Rg4 26.
Bf8 Be8 27. Bxe8 (27. Bd5 $16 {0-1 Nielsen,J-Kristiansen,J (38)}) 27... Kxe8
28. Bxd6 $16) 21. fxe5 $5 (21. Bh5+ Bf7 22. Bxf7+ Kxf7 23. fxe5 dxe5 24. Rd7 b5
25. Rxa7 Ke6 26. a4 bxa4 27. Rxa4 $16) (21. c4 $2 e4 $132) 21... dxe5 22. Bh5+
Bf7 23. Bxf7+ Kxf7 24. Rd7 {R makes troubles on the 7-th line.} Rg4 (24... b5
25. Rxa7 $16) 25. Be3 {[%cal Ge3c5]} (25. Rxb7 Rxb4 26. Rxa7 Ke6 27. a4 $16)
25... Ke6 26. Rxb7 Bxb4 (26... Rxb4 $2 27. Rxe7+ $18) 27. Bxa7 Ba3+ 28. Kd2 h5
29. Rb6+ Kd5 30. Rb5+ Ke6 31. Rb6+ (31. Bb8 $16) 31... Kd5 32. Rb5+ Ke6 33. Bb8
Re4 34. c4 h4 $2 $18 (34... Be7 35. Kd3 Bg5 36. a4 Re3+ 37. Kc2 h4 38. gxh4
Bxh4 39. a5 $16) 35. gxh4 f4 36. h5 Bf8 37. h6 f3 38. Rb6+ $4 $15 (38. h7 $1 f2
39. h8=Q f1=Q 40. Qg8+ Kd7 41. Rd5+ $18) 38... Kf5 39. h7 Re2+ 40. Kc3 (40. Kd3
e4+ 41. Kd4 Bg7+ 42. Kc5 Rxa2 43. Rb7 Kg6 $17) 40... Rxh2 (40... Bg7) 41. Rb7
Bc5 42. Rf7+ (42. Ba7 Bxa7 43. Rxa7 Ke4 44. Rf7 Ke3 $17) 42... Ke4 43. Bxe5 $8
(43. Ba7 Bxa7 44. Rxa7 f2 45. Rf7 Ke3 $19) 43... Kxe5 44. Rxf3 Rxh7 45. Rd3 Ke4
46. Rg3 Bd4+ 47. Kb4 Rb7+ 48. Ka5 Rb8 49. a4 Bc5 50. Ka6 Kd4 51. a5 Ra8+ 52.
Kb5 Rb8+ 53. Ka6 Kxc4 54. Rg4+ Bd4 55. Rg5 Be3 56. Rh5 Bc5 57. Rh4+ Kb3 58. Rh5
Kc4 59. Rh4+ Bd4 60. Rh5 Rg8 61. Kb7 Bc5 62. a6 Rg7+ 63. Kb8 Bd6+ 64. Ka8 Bc5
65. Kb8 Rg6 66. Kb7 Rb6+ 67. Kc8 Rxa6 68. Kd7 Bd4 $15 1/2-1/2

[Event "Belgrade GMA op"]
[Site "Belgrade"]
[Date "1988.??.??"]
[Round "?"]
[White "Ernst, Thomas"]
[Black "Wang, Zili"]
[Result "1/2-1/2"]
[WhiteElo "2450"]
[BlackElo "2310"]
[Annotator "Wang,Zili"]
[PlyCount "109"]
[EventDate "1988.12.??"]
[EventType "swiss"]
[EventRounds "9"]
[EventCountry "YUG"]
[SourceTitle "TD"]
[Source "ChessBase"]
[SourceDate "1994.03.01"]
[SourceVersion "1"]
[SourceVersionDate "1994.03.01"]
[SourceQuality "1"]

1. e4 c5 2. Nf3 Nc6 3. d4 cxd4 4. Nxd4 Nf6 5. Nc3 d6 6. Bg5 Bd7 7. Qd2 Rc8 8.
O-O-O (8. f4) (8. Be2) 8... Nxd4 9. Qxd4 Qa5 10. f4 Rxc3 (10... h6) 11. bxc3 e5
12. Qb4 Qxb4 13. cxb4 Nxe4 14. Bh4 g5 15. fxg5 Be7 16. Re1 Nxg5 17. Re3 (17.
Bc4 $1 Ne6 18. Bf2 $14) 17... Ne6 18. Bxe7 Kxe7 19. Bd3 Nc7 $1 (19... Nf4 20.
Be4 d5 21. g3 $16) (19... Bc6 20. Be4 d5 21. b5 $16) 20. Rf1 Bc6 21. g3 h6 22.
a3 f6 $15 23. c4 b5 24. Kb2 bxc4 25. Bxc4 d5 26. Rc3 $1 Ne6 27. Ba6 Bd7 28. b5
d4 29. Rc4 Rb8 30. a4 e4 (30... h5 $1 31. Kc2 h4 32. gxh4 Rh8 33. a5 Rxh4 34.
Rf2 $15) 31. Kc2 e3 32. Kd3 Be8 33. Rxd4 $1 Nxd4 34. Kxd4 e2 35. Re1 Bh5 36. h3
Rd8+ 37. Ke3 Rd1 38. Kf2 Bf3 39. a5 Kd6 40. b6 axb6 41. axb6 Rxe1 42. Kxe1 Kc6
43. Bxe2 Bg2 44. h4 Kxb6 45. Kf2 Bd5 46. Ke3 Kc5 47. Kf4 Be6 48. Bg4 Kd6 49.
Bxe6 Kxe6 50. Kg4 Kf7 51. Kh5 Kg7 52. Kg4 Kf7 53. h5 Ke6 54. Kf4 f5 55. g4
1/2-1/2